00485 a2200157 4500260000900000245016400009300001100173260001000184650003300194260000900227100000700236630004100243110001900284650000600303020001800309 bCNRS aJurisprudence du Conseil d'Etat et du tribunal des conflits : tables décennales 1965-1974. Tome 2 : de capitaux, monnaies, change à comptabilité publique a562 p. aParis ajurisprudence administrative c1976 lFr aDroit, législation, administration aConseil d'Etat aG a2-222-02010-7